[Event "AUT-ch 2018"]
[Site "Vienna"]
[Date "2018.07.25"]
[Round "5"]
[White "Schnider, Gert"]
[Black "Sadilek, Maximilian"]
[Result "1-0"]
[WhiteElo "2422"]
[BlackElo "2224"]
[Annotator "TA"]
[PlyCount "63"]
[EventDate "2018.07.22"]
[EventType "swiss"]
[EventCountry "AUT"]
[SourceTitle "playchess.com"]
[Source "ChessBase"]
[SourceQuality "1"]

{[%evp 27,63,45,70,73,100,104,95,100,96,87,124,104,120,120,120,146,168,167,293,300,360,244,216,64,442,450,435,412,570,524,1453,1403,2324,1402,6106,6025,5247,5243]} 1. e4 c5 2. Nf3 Nc6 3. d4 cxd4 4. Nxd4 Nf6 5. Nc3 e5 6. Ndb5 d6 7. Bg5 a6 8. Na3 b5 9. Bxf6 gxf6 10. Nd5 Bg7 11. Bd3 Ne7 12. Nxe7 Qxe7 13. O-O f5 14. c4 Bb7 {LiveBook: 6 Partien. B33: Sizilianisch (Lasker/Pelikan/Sweschnikow-Variante)} (14... O-O 15. Qf3 bxc4 16. Nxc4 d5 17. exd5 e4 18. Qe3 Bb7 19. d6 Qf6 20. Bc2 f4 21. Qh3 Rad8 22. Rad1 Rfe8 23. Bb3 Ba8 24. Qh5 Bc6 25. a4 Rb8 26. d7 Bxd7 27. Rxd7 Rxb3 {0-1 (54) Volokitin,A (2638)-Zhigalko,S (2678) Dubai 2014}) 15. Qf3 bxc4 16. Nxc4 f4 {Weiß steht besser.} 17. Rad1 $146 {zielt auf Sxd6+! ab.} ({Vorgänger:} 17. Rac1 O-O 18. Na5 Bc8 19. Bc4 Qg5 20. h3 Kh8 21. Bd5 Rb8 22. Nc4 {0-1 (52) Dmitriev,A (1905)-Ivanov,S (2342) Petrozavodsk 2010}) 17... O-O 18. Rd2 Rad8 19. Rfd1 Kh8 20. Bc2 {[%cal Rc4d6]} d5 21. exd5 f5 {[#]} 22. Na5 $1 {Und weiter mit d6 wäre nett.} Rd6 {[#]} (22... e4 $142 23. Qxf4 Ba8) 23. Qa3 $1 $18 Rfd8 24. Nc4 ({Finger weg von} 24. Bxf5 Bf8 $18) 24... e4 25. f3 $2 (25. Nxd6 $18 Rxd6 26. f3) 25... exf3 $2 {[%mdl 8192]} (25... R6d7 $1 $14) 26. Nxd6 Rxd6 27. Qxf3 Bxb2 28. Bxf5 {Weiß steht klar auf Gewinn.} Qe5 29. Qh5 {[%csl Gf5][%cal Rh5h7]} h6 30. Qf7 {[%csl Gf5][%cal Rf7h7]} Qe3+ 31. Kf1 {[%csl Gf5][%cal Rf7h7]} Bg7 32. Re2 {Precision: Weiß = 71%, Schwarz = 18%.} 1-0

[Event "AUT-ch 2018"]
[Site "Vienna"]
[Date "2018.07.25"]
[Round "5"]
[White "Blohberger, Felix"]
[Black "Schwabeneder, Florian"]
[Result "1-0"]
[WhiteElo "2420"]
[BlackElo "2431"]
[Annotator "NA"]
[PlyCount "79"]
[EventDate "2018.07.22"]
[EventType "swiss"]
[EventCountry "AUT"]
[SourceTitle "playchess.com"]
[Source "ChessBase"]
[SourceQuality "1"]
[TimeControl "40/5400+30:1800+30"]

1. Nf3 {[%emt 0:00:00]} b6 {[%emt 0:00:46]} 2. e4 {[%emt 0:07:56]} Bb7 {[%emt 0:00:45]} 3. Nc3 {[%emt 0:00:05]} e6 {[%emt 0:01:19]} 4. d4 {[%emt 0:00:07]} Bb4 {[%emt 0:00:37]} 5. Bd3 {[%emt 0:00:05]} Nf6 {[%emt 0:00:32]} 6. Nd2 {[%emt 0:00:04]} d5 {[%emt 0:22:23]} 7. e5 {[%emt 0:00:49]} Nfd7 {[%emt 0:00:19]} 8. Qg4 {[%emt 0:01:04]} g6 {[%emt 0:07:51]} 9. Nf3 {[%emt 0:09:20]} Ba6 {[%emt 0:05:18]} 10. Bxa6 {[%emt 0:10:09]} Nxa6 {[%emt 0:00:11]} 11. O-O {[%emt 0:03:00]} c6 {[%emt 0:12:13]} 12. Bh6 {[%emt 0:05:58]} Bf8 {[%emt 0:03:05]} 13. Bxf8 {[%emt 0:01:19]} Nxf8 {[%emt 0:02:57]} 14. Ne2 {[%emt 0:01:59]} Qe7 {[%emt 0:07:29]} 15. Rfc1 {[%emt 0:09:07]} Nd7 {[%emt 0:04:19]} 16. c4 {[%emt 0:02:29]} O-O {[%emt 0:01:00]} 17. h4 {[%emt 0:14:57]} h6 {[%emt 0:05:55]} 18. a3 {[%emt 0:02:26]} Rfc8 {[%emt 0:10:28]} 19. Rc3 {[%emt 0:08:14]} Nc7 {[%emt 0:02:54]} 20. Rac1 {[%emt 0:01:52]} c5 {[%emt 0:00:47]} 21. b4 {[%emt 0:11:11]} dxc4 {[%emt 0:04:57]} 22. dxc5 {[%emt 0:00:10]} Nb5 {[%emt 0:03:18]} 23. Rxc4 {[%emt 0:00:34]} Nxa3 {[%emt 0:00:05]} 24. R4c3 {[%emt 0:00:35]} Nb5 {[%emt 0:00:02]} 25. R3c2 {[%emt 0:00:35]} bxc5 {[%emt 0:01:13]} 26. bxc5 {[%emt 0:00:18]} a6 {[%emt 0:00:35]} 27. c6 {[%emt 0:02:01]} Nb6 {[%emt 0:00:23]} 28. Ng3 {[%emt 0:04:38]} Nd5 {[%emt 0:00:48]} 29. Ne4 {[%emt 0:00:54]} Ra7 {[%emt 0:01:20]} 30. Rc5 {[%emt 0:01:04]} Rd8 {[%emt 0:00:37]} 31. h5 {[%emt 0:01:00]} g5 {[%emt 0:00:08]} 32. Rxd5 {[%emt 0:00:52]} exd5 {[%emt 0:00:35]} 33. Nf6+ {[%emt 0:00:05]} Kf8 {[%emt 0:00:38]} 34. Qf5 {[%emt 0:01:28]} Qe6 {[%emt 0:00:39]} 35. Qh7 {[%emt 0:00:04]} Ke7 {[%emt 0:00:26]} 36. Qxh6 {[%emt 0:00:16]} Qf5 {[%emt 0:00:32]} 37. Qg7 {[%emt 0:01:12]} Qf4 {[%emt 0:00:34]} 38. Re1 {[%emt 0:00:15]} g4 {[%emt 0:00:30]} 39. Ng5 {[%emt 0:00:42]} Rf8 {[%emt 0:00:25]} 40. Nxd5+ {[%emt 0:00:12]} 1-0

[Event "AUT-ch 2018"]
[Site "Vienna"]
[Date "2018.07.25"]
[Round "5"]
[White "Huber, Martin Christian"]
[Black "Khalakhan, Jurij"]
[Result "1-0"]
[WhiteElo "2374"]
[BlackElo "2215"]
[Annotator "NA"]
[PlyCount "43"]
[EventDate "2018.07.22"]
[EventType "swiss"]
[EventCountry "AUT"]
[SourceTitle "playchess.com"]
[Source "ChessBase"]
[SourceQuality "1"]
[TimeControl "40/5400+30:1800+30"]

1. Nf3 {[%emt 0:00:00]} f5 {[%emt 0:00:00]} 2. g3 {[%emt 0:00:00]} Nf6 {[%emt 0:00:00]} 3. Bg2 {[%emt 0:00:20]} g6 {[%emt 0:00:00]} 4. O-O {[%emt 0:00:40]} Bg7 {[%emt 0:00:00]} 5. d4 {[%emt 0:00:05]} O-O {[%emt 0:00:09]} 6. b3 {[%emt 0:00:09]} d6 {[%emt 0:00:15]} 7. Bb2 {[%emt 0:00:06]} Ng4 {[%emt 0:00:11]} 8. Qc1 {[%emt 0:15:09]} f4 {[%emt 0:10:34]} 9. c4 {[%emt 0:06:35]} fxg3 {[%emt 0:00:23]} 10. hxg3 {[%emt 0:00:17]} e5 {[%emt 0:06:44]} 11. dxe5 {[%emt 0:01:36]} dxe5 {[%emt 0:00:58]} 12. Nc3 {[%emt 0:05:49]} Qe8 {[%emt 0:15:41]} 13. Nd5 {[%emt 0:07:39]} Na6 {[%emt 0:02:01]} 14. Qg5 {[%emt 0:05:35]} Rf7 {[%emt 0:24:25]} 15. Rad1 {[%emt 0:05:02]} Bd7 {[%emt 0:08:58]} 16. Bh3 {[%emt 0:07:22]} c6 {[%emt 0:00:29]} 17. Bxg4 {[%emt 0:01:16]} Bxg4 {[%emt 0:00:40]} 18. Qxg4 {[%emt 0:01:29]} cxd5 {[%emt 0:00:06]} 19. Rxd5 {[%emt 0:02:22]} e4 {[%emt 0:07:42]} 20. Bxg7 {[%emt 0:02:03]} Rxg7 {[%emt 0:03:33]} 21. Re5 {[%emt 0:01:09]} Re7 {[%emt 0:00:01]} 22. Qxe4 {[%emt 0:00:15]} 1-0

[Event "AUT-ch 2018"]
[Site "Vienna"]
[Date "2018.07.25"]
[Round "5"]
[White "Morgunov, Marc"]
[Black "Trippold, Denise"]
[Result "1-0"]
[WhiteElo "2362"]
[BlackElo "2138"]
[Annotator "NA"]
[PlyCount "59"]
[EventDate "2018.07.22"]
[EventType "swiss"]
[EventCountry "AUT"]
[SourceTitle "playchess.com"]
[Source "ChessBase"]
[SourceQuality "1"]
[TimeControl "40/5400+30:1800+30"]

1. e4 {[%emt 0:00:00]} e6 {[%emt 0:00:00]} 2. d4 {[%emt 0:00:00]} d5 {[%emt 0:00:00]} 3. Nd2 {[%emt 0:00:00]} c5 {[%emt 0:00:00]} 4. exd5 {[%emt 0:00:23]} Qxd5 {[%emt 0:00:20]} 5. Ngf3 {[%emt 0:00:08]} cxd4 {[%emt 0:00:27]} 6. Bc4 {[%emt 0:00:08]} Qd6 {[%emt 0:00:06]} 7. O-O {[%emt 0:00:12]} Nf6 {[%emt 0:00:17]} 8. Nb3 {[%emt 0:00:16]} Nc6 {[%emt 0:00:31]} 9. Nbxd4 {[%emt 0:00:20]} Nxd4 {[%emt 0:00:09]} 10. Nxd4 {[%emt 0:00:05]} a6 {[%emt 0:00:44]} 11. Re1 {[%emt 0:00:09]} Qc7 {[%emt 0:00:39]} 12. Bf1 {[%emt 0:00:07]} Bd6 {[%emt 0:01:30]} 13. Nf5 {[%emt 0:01:48]} Bxh2+ {[%emt 0:00:46]} 14. Kh1 {[%emt 0:00:07]} Kf8 {[%emt 0:00:56]} 15. Qd4 {[%emt 0:00:32]} exf5 {[%emt 0:06:58]} 16. Qxf6 {[%emt 0:00:08]} h6 {[%emt 0:05:43]} 17. Qd4 {[%emt 0:01:36]} Bd6 {[%emt 0:02:12]} 18. Bc4 {[%emt 0:01:14]} Bd7 {[%emt 0:15:23]} 19. b3 {[%emt 0:03:10]} Bc5 {[%emt 0:07:31]} 20. Qd5 {[%emt 0:12:17]} Be6 {[%emt 0:09:37]} 21. Rxe6 {[%emt 0:11:38]} Rd8 {[%emt 0:00:16]} 22. Qe5 {[%emt 0:01:48]} Rd1+ {[%emt 0:34:49]} 23. Kh2 {[%emt 0:00:08]} Qxe5+ {[%emt 0:01:03]} 24. Rxe5 {[%emt 0:00:06]} Bd6 {[%emt 0:05:09]} 25. Ba3 {[%emt 0:00:06]} Rxa1 {[%emt 0:00:03]} 26. Bxd6+ {[%emt 0:00:06]} Kg8 {[%emt 0:00:03]} 27. Re7 {[%emt 0:00:10]} Rxa2 {[%emt 0:00:18]} 28. Bxf7+ {[%emt 0:00:34]} Kh7 {[%emt 0:00:07]} 29. Be6 {[%emt 0:00:05]} Kg6 {[%emt 0:02:31]} 30. Be5 {[%emt 0:00:23]} 1-0

[Event "AUT-ch 2018"]
[Site "Vienna"]
[Date "2018.07.25"]
[Round "5"]
[White "Knoll, Hermann"]
[Black "Hapala, Elisabeth"]
[Result "1-0"]
[WhiteElo "2338"]
[BlackElo "2131"]
[Annotator "NA"]
[PlyCount "95"]
[EventDate "2018.07.22"]
[EventType "swiss"]
[EventCountry "AUT"]
[SourceTitle "playchess.com"]
[Source "ChessBase"]
[SourceQuality "1"]
[TimeControl "40/5400+30:1800+30"]

1. e4 {[%emt 0:00:00]} c5 {[%emt 0:00:00]} 2. Nf3 {[%emt 0:00:00]} e6 {[%emt 0:00:00]} 3. Qe2 {[%emt 0:00:00]} Nc6 {[%emt 0:00:08]} 4. g3 {[%emt 0:00:04]} Nge7 {[%emt 0:00:30]} 5. c3 {[%emt 0:00:12]} e5 {[%emt 0:10:00]} 6. Na3 {[%emt 0:01:36]} g6 {[%emt 0:02:48]} 7. Bg2 {[%emt 0:01:04]} Bg7 {[%emt 0:00:10]} 8. O-O {[%emt 0:00:28]} O-O {[%emt 0:00:22]} 9. Nc2 {[%emt 0:02:15]} b6 {[%emt 0:06:17]} 10. d4 {[%emt 0:01:23]} cxd4 {[%emt 0:04:30]} 11. cxd4 {[%emt 0:01:00]} Nxd4 {[%emt 0:13:33]} 12. Ncxd4 {[%emt 0:03:16]} exd4 {[%emt 0:00:05]} 13. Bf4 {[%emt 0:06:47]} d5 {[%emt 0:11:26]} 14. e5 {[%emt 0:01:29]} Nc6 {[%emt 0:00:35]} 15. Qd2 {[%emt 0:00:39]} Ba6 {[%emt 0:05:55]} 16. Rfe1 {[%emt 0:03:51]} d3 {[%emt 0:05:04]} 17. h4 {[%emt 0:02:45]} Qd7 {[%emt 0:12:57]} 18. Kh2 {[%emt 0:00:31]} Nd8 {[%emt 0:02:20]} 19. h5 {[%emt 0:02:47]} Ne6 {[%emt 0:01:07]} 20. Bh3 {[%emt 0:02:27]} Rac8 {[%emt 0:01:40]} 21. hxg6 {[%emt 0:00:38]} hxg6 {[%emt 0:00:20]} 22. Bxe6 {[%emt 0:03:05]} Qxe6 {[%emt 0:03:01]} 23. Nd4 {[%emt 0:00:38]} Qg4 {[%emt 0:00:46]} 24. f3 {[%emt 0:01:34]} Qd7 {[%emt 0:00:51]} 25. b3 {[%emt 0:00:09]} Rc5 {[%emt 0:02:53]} 26. g4 {[%emt 0:01:09]} Rfc8 {[%emt 0:00:26]} 27. Kg3 {[%emt 0:00:08]} Rc2 {[%emt 0:03:54]} 28. Qe3 {[%emt 0:02:51]} Re2 {[%emt 0:07:26]} 29. Rxe2 {[%emt 0:00:25]} dxe2 {[%emt 0:00:04]} 30. Rh1 {[%emt 0:01:08]} Qe7 {[%emt 0:02:01]} 31. Kf2 {[%emt 0:01:48]} Re8 {[%emt 0:00:53]} 32. Kg2 {[%emt 0:08:29]} Qa3 {[%emt 0:00:42]} 33. Qd2 {[%emt 0:00:56]} Qe7 {[%emt 0:01:23]} 34. Bg3 {[%emt 0:02:40]} Qd7 {[%emt 0:01:18]} 35. Nxe2 {[%emt 0:06:23]} Bxe5 {[%emt 0:01:22]} 36. Bxe5 {[%emt 0:00:25]} Rxe5 {[%emt 0:00:01]} 37. Nd4 {[%emt 0:00:07]} Qe7 {[%emt 0:01:01]} 38. Qh6 {[%emt 0:08:01]} Qf6 {[%emt 0:00:05]} 39. Kg3 {[%emt 0:06:33]} Re7 {[%emt 0:00:59]} 40. Qd2 {[%emt 0:05:54]} Qe5+ {[%emt 0:00:22]} 41. Kg2 {[%emt 0:32:46]} Qe3 {[%emt 0:09:36]} 42. Qxe3 {[%emt 0:00:00]} Rxe3 {[%emt 0:00:05]} 43. Rd1 {[%emt 0:00:00]} Kf8 {[%emt 0:04:12]} 44. Kg3 {[%emt 0:00:00]} Ke7 {[%emt 0:09:10]} 45. Rc1 {[%emt 0:00:00]} Kd7 {[%emt 0:01:14]} 46. Kf4 {[%emt 0:00:00]} Rd3 {[%emt 0:01:01]} 47. Nc6 {[%emt 0:00:00]} Bb7 {[%emt 0:01:14]} 48. Ne5+ {Ba6 Nc6 Re3 Nd4} 1-0

[Event "AUT-ch 2018"]
[Site "Vienna"]
[Date "2018.07.25"]
[Round "5"]
[White "Sandhoefner, Florian"]
[Black "Windhager, Hannes"]
[Result "1/2-1/2"]
[WhiteElo "2327"]
[BlackElo "2203"]
[Annotator "NA"]
[PlyCount "60"]
[EventDate "2018.07.22"]
[EventType "swiss"]
[EventCountry "AUT"]
[SourceTitle "playchess.com"]
[Source "ChessBase"]
[SourceQuality "1"]
[TimeControl "40/5400+30:1800+30"]

1. e4 {[%emt 0:00:00]} c5 {[%emt 0:00:00]} 2. Nf3 {[%emt 0:00:00]} d6 {[%emt 0:00:00]} 3. d4 {[%emt 0:00:00]} cxd4 {[%emt 0:00:00]} 4. Nxd4 {[%emt 0:00:00]} Nf6 {[%emt 0:00:00]} 5. Nc3 {[%emt 0:00:00]} g6 {[%emt 0:00:00]} 6. Be3 Bg7 {[%emt 0:00:02]} 7. Be2 {[%emt 0:00:00]} O-O {[%emt 0:00:13]} 8. O-O {[%emt 0:00:00]} Nc6 {[%emt 0:00:10]} 9. Qd2 {[%emt 0:00:01]} d5 {[%emt 0:00:47]} 10. Nxc6 {[%emt 0:00:10]} bxc6 {[%emt 0:00:05]} 11. Rad1 {[%emt 0:00:02]} Qc7 {[%emt 0:12:39]} 12. exd5 {[%emt 0:08:07]} Nxd5 {[%emt 0:00:56]} 13. Nxd5 {[%emt 0:10:25]} cxd5 {[%emt 0:00:06]} 14. Qxd5 {[%emt 0:00:15]} Be6 {[%emt 0:04:38]} 15. Qc5 {[%emt 0:02:29]} Qxc5 {[%emt 0:02:13]} 16. Bxc5 {[%emt 0:00:26]} Bxb2 {[%emt 0:03:09]} 17. Bxe7 {[%emt 0:02:53]} Rfe8 {[%emt 0:04:47]} 18. Bc5 {[%emt 0:03:32]} Bxa2 {[%emt 0:10:09]} 19. Bf3 {[%emt 0:02:05]} Rac8 {[%emt 0:03:26]} 20. Bxa7 {[%emt 0:01:10]} Rxc2 {[%emt 0:01:06]} 21. Be3 {[%emt 0:01:42]} Bg7 {[%emt 0:08:25]} 22. Bd5 {[%emt 0:01:44]} Bxd5 {[%emt 0:00:39]} 23. Rxd5 {[%emt 0:00:16]} Rc7 {[%emt 0:00:24]} 24. Rfd1 {[%emt 0:00:27]} h5 {[%emt 0:01:18]} 25. g3 {[%emt 0:01:53]} Bf6 {[%emt 0:00:52]} 26. Rd7 {[%emt 0:00:45]} Rxd7 {[%emt 0:00:17]} 27. Rxd7 {[%emt 0:00:02]} Kg7 {[%emt 0:00:48]} 28. Kg2 {[%emt 0:00:12]} Re6 {[%emt 0:00:27]} 29. Bd4 {[%emt 0:00:16]} Bxd4 {[%emt 0:00:08]} 30. Rxd4 {[%emt 0:00:02]} Ra6 {[%emt 0:00:09]} 1/2-1/2

[Event "AUT-ch 2018"]
[Site "Vienna"]
[Date "2018.07.25"]
[Round "5"]
[White "Mostbauer, Florian"]
[Black "Polterauer, Chiara"]
[Result "1-0"]
[WhiteElo "2319"]
[BlackElo "2169"]
[Annotator "ChessBase"]
[PlyCount "169"]
[EventDate "2018.07.22"]
[EventType "swiss"]
[EventCountry "AUT"]
[SourceTitle "playchess.com"]
[Source "ChessBase"]
[SourceQuality "1"]
[TimeControl "40/5400+30:1800+30"]

1. e4 {[%emt 0:00:00]} e5 {[%emt 0:00:00]} 2. Nf3 {[%emt 0:00:00]} Nc6 {[%emt 0:00:00]} 3. Bb5 {[%emt 0:00:00]} a6 {[%emt 0:00:04]} 4. Bxc6 {[%emt 0:00:00]} dxc6 {[%emt 0:00:23]} 5. Nc3 {[%emt 0:00:10]} Qf6 {[%emt 0:02:15]} 6. d4 {[%emt 0:04:09]} exd4 {[%emt 0:01:37]} 7. Qxd4 {[%emt 0:00:36]} Qxd4 {[%emt 0:01:41]} 8. Nxd4 {[%emt 0:00:08]} Bd7 {[%emt 0:01:53]} 9. Bf4 {[%emt 0:01:24]} O-O-O {[%emt 0:00:43]} 10. O-O-O {[%emt 0:01:46]} Bd6 {[%emt 0:07:44]} 11. Nde2 {[%emt 0:09:56]} Bc5 {[%emt 0:12:18]} 12. f3 {[%emt 0:00:34]} Ne7 {[%emt 0:00:07]} 13. Rd3 {[%emt 0:05:04]} Ng6 {[%emt 0:03:04]} 14. Bg3 {[%emt 0:03:50]} h5 {[%emt 0:04:11]} 15. h3 {[%emt 0:01:27]} h4 {[%emt 0:06:44]} 16. Bh2 {[%emt 0:00:13]} f5 {[%emt 0:01:50]} 17. Rhd1 {[%emt 0:17:44]} Rhf8 {[%emt 0:06:11]} 18. exf5 {[%emt 0:06:45]} Bxf5 {[%emt 0:00:08]} 19. Rxd8+ {[%emt 0:00:08]} Rxd8 {[%emt 0:00:04]} 20. Rxd8+ {[%emt 0:00:07]} Kxd8 {[%emt 0:00:04]} 21. Kd2 {[%emt 0:05:02]} Kd7 {[%emt 0:07:26]} 22. Ne4 {[%emt 0:04:50]} Bb6 {[%emt 0:03:56]} 23. b3 {[%emt 0:04:42]} Nf8 {[%emt 0:06:11]} 24. Nf4 {[%emt 0:01:23]} Ba5+ {[%emt 0:02:50]} 25. Ke2 {[%emt 0:00:48]} Bb6 {[%emt 0:00:07]} 26. c4 {[%emt 0:07:24]} Bd4 {[%emt 0:02:26]} 27. Nd3 {[%emt 0:01:51]} Ne6 {[%emt 0:03:49]} 28. Be5 {[%emt 0:02:08]} c5 {[%emt 0:05:17]} 29. Bh2 {[%emt 0:03:49]} Bxe4 {[%emt 0:13:10]} 30. fxe4 {[%emt 0:00:13]} Ng5 {[%emt 0:00:04]} 31. Ne5+ {[%emt 0:01:01]} Ke6 {[%emt 0:00:07]} 32. Nf3 {[%emt 0:00:54]} Nxe4 {[%emt 0:00:18]} 33. Nxh4 {[%emt 0:01:49]} Nc3+ {[%emt 0:03:03]} 34. Kd3 {[%emt 0:01:03]} Nxa2 {[%emt 0:00:08]} 35. Bxc7 {[%emt 0:01:38]} Nc1+ {[%emt 0:00:05]} 36. Kc2 {[%emt 0:00:43]} Ne2 {[%emt 0:00:18]} 37. Kd2 {[%emt 0:02:35]} Nc3 {[%emt 0:00:33]} 38. Kd3 {[%emt 0:00:10]} Na2 {[%emt 0:02:39]} 39. Nf3 {[%emt 0:01:49]} Bf6 {[%emt 0:00:21]} 40. g4 {[%emt 0:05:50]} Nc1+ {[%emt 0:03:51]} 41. Kc2 {[%emt 0:30:13]} Ne2 {[%emt 0:30:41]} 42. Bb6 {[%emt 0:04:15]} Be7 {[%emt 0:00:00]} 43. h4 {[%emt 0:00:00]} Nf4 {[%emt 0:00:00]} 44. h5 {[%emt 0:00:00]} Kd6 {[%emt 0:00:00]} 45. Kd2 {[%emt 0:00:00]} Ne6 {[%emt 0:00:00]} 46. Ke3 {[%emt 0:00:00]} Bf6 {[%emt 0:00:00]} 47. Ke4 {[%emt 0:00:00]} Bc3 {[%emt 0:00:00]} 48. Kf5 {[%emt 0:00:00]} Kd7 {[%emt 0:00:00]} 49. g5 {[%emt 0:00:00]} Kd6 {[%emt 0:02:09]} 50. h6 {[%emt 0:00:00]} Nf8 {[%emt 0:00:04]} 51. hxg7 {[%emt 0:03:34]} Bxg7 {[%emt 0:00:05]} 52. Nd2 {[%emt 0:01:29]} Nd7 {[%emt 0:04:15]} 53. Ne4+ {[%emt 0:00:44]} Kc6 {[%emt 0:00:06]} 54. Bd8 {[%emt 0:00:11]} b5 {[%emt 0:00:34]} 55. Ke6 {[%emt 0:00:52]} bxc4 {[%emt 0:00:28]} 56. bxc4 {[%emt 0:00:06]} Ne5 {[%emt 0:00:19]} 57. Nd2 {[%emt 0:02:08]} Nd3 {[%emt 0:00:06]} 58. Kf7 {[%emt 0:01:05]} Bc3 {[%emt 0:00:39]} 59. Ne4 {[%emt 0:00:12]} Bd4 {[%emt 0:00:04]} 60. Bf6 {[%emt 0:00:32]} Nf4 {[%emt 0:01:46]} 61. g6 {[%emt 0:00:51]} Nxg6 {[%emt 0:00:08]} 62. Kxg6 {[%emt 0:00:10]} a5 {[%emt 0:00:16]} 63. Bg5 {[%emt 0:00:34]} a4 {[%emt 0:00:18]} 64. Bc1 {[%emt 0:00:08]} Kb6 {[%emt 0:01:48]} 65. Ba3 {[%emt 0:00:19]} Kc6 {[%emt 0:00:32]} 66. Kf5 {[%emt 0:00:07]} Be3 {[%emt 0:00:30]} 67. Nc3 {[%emt 0:01:15]} Bh6 {[%emt 0:00:19]} 68. Ke6 {[%emt 0:00:14]} Be3 {[%emt 0:00:20]} 69. Nxa4 {[%emt 0:00:10]} Bd4 {[%emt 0:00:09]} 70. Nb2 {[%emt 0:00:06]} Bg1 {[%emt 0:00:15]} 71. Nd3 {[%emt 0:00:06]} Bd4 {[%emt 0:00:57]} 72. Ne5+ {[%emt 0:00:06]} Kb6 {[%emt 0:00:12]} 73. Kd5 {[%emt 0:00:19]} Bc3 {[%emt 0:00:21]} 74. Bxc5+ {[%emt 0:00:16]} Kc7 {[%emt 0:00:03]} 75. Ba3 {[%emt 0:00:12]} Be1 {[%emt 0:00:10]} 76. c5 {[%emt 0:00:12]} Bg3 {[%emt 0:00:08]} 77. Bb4 {[%emt 0:00:24]} Bf2 {[%emt 0:00:32]} 78. Ba5+ {[%emt 0:00:13]} Kc8 {[%emt 0:00:04]} 79. c6 {[%emt 0:00:14]} Bg3 {[%emt 0:00:18]} 80. Nc4 {[%emt 0:00:08]} Kb8 {[%emt 0:02:24]} 81. Nd6 {[%emt 0:00:23]} Ka7 {[%emt 0:00:30]} 82. c7 {[%emt 0:00:54]} Bxd6 {[%emt 0:00:17]} 83. Kxd6 {[%emt 0:00:09]} Kb7 {[%emt 0:00:02]} 84. Kd7 {[%emt 0:00:07]} Ka7 {[%emt 0:00:03]} 85. Bb6+ {[%emt 0:00:05]} 1-0

[Event "AUT-ch 2018"]
[Site "Vienna"]
[Date "2018.07.25"]
[Round "5"]
[White "Vitouch, Anatol"]
[Black "Pacher, Simon"]
[Result "1/2-1/2"]
[WhiteElo "2317"]
[BlackElo "2097"]
[Annotator "NA"]
[PlyCount "88"]
[EventDate "2018.07.22"]
[EventType "swiss"]
[EventCountry "AUT"]
[SourceTitle "playchess.com"]
[Source "ChessBase"]
[SourceQuality "1"]
[TimeControl "40/5400+30:1800+30"]

1. d4 {[%emt 0:00:00]} Nf6 {[%emt 0:01:07]} 2. Bg5 {[%emt 0:00:00]} Ne4 {[%emt 0:01:52]} 3. Bf4 {[%emt 0:00:00]} d6 {[%emt 0:00:27]} 4. f3 {[%emt 0:00:00]} Nf6 {[%emt 0:01:37]} 5. e4 {[%emt 0:00:05]} Nbd7 {[%emt 0:01:32]} 6. Nc3 {[%emt 0:01:06]} e5 {[%emt 0:00:29]} 7. Be3 {[%emt 0:01:26]} c6 {[%emt 0:04:05]} 8. Nge2 {[%emt 0:05:14]} Be7 {[%emt 0:06:35]} 9. dxe5 {[%emt 0:09:53]} dxe5 {[%emt 0:02:16]} 10. Ng3 {[%emt 0:00:17]} O-O {[%emt 0:04:05]} 11. Nf5 {[%emt 0:02:46]} Bb4 {[%emt 0:00:59]} 12. Nd6 {[%emt 0:30:18]} Qe7 {[%emt 0:07:36]} 13. Nxc8 {[%emt 0:02:12]} Raxc8 {[%emt 0:00:17]} 14. Bc4 {[%emt 0:07:16]} b5 {[%emt 0:13:51]} 15. Be2 {[%emt 0:00:39]} Bc5 {[%emt 0:08:50]} 16. Qc1 {[%emt 0:00:52]} Nb6 {[%emt 0:05:44]} 17. O-O {[%emt 0:01:17]} Rcd8 {[%emt 0:03:11]} 18. a4 {[%emt 0:06:39]} b4 {[%emt 0:00:42]} 19. Nd1 {[%emt 0:00:24]} a5 {[%emt 0:02:27]} 20. Nf2 {[%emt 0:09:22]} Ne8 {[%emt 0:12:09]} 21. c3 {[%emt 0:05:06]} Nd7 {[%emt 0:03:53]} 22. cxb4 {[%emt 0:00:39]} Bxe3 {[%emt 0:01:49]} 23. Qxe3 {[%emt 0:00:06]} Qxb4 {[%emt 0:00:03]} 24. Nd3 {[%emt 0:00:10]} Qd4 {[%emt 0:02:29]} 25. Qxd4 {[%emt 0:00:06]} exd4 {[%emt 0:00:02]} 26. Rfc1 {[%emt 0:00:47]} Rc8 {[%emt 0:00:06]} 27. b4 {[%emt 0:04:14]} Nd6 {[%emt 0:03:06]} 28. Nc5 {[%emt 0:01:10]} Rfd8 {[%emt 0:00:25]} 29. Rab1 {[%emt 0:02:12]} Nxc5 {[%emt 0:02:09]} 30. bxc5 {[%emt 0:00:17]} Ne8 {[%emt 0:00:39]} 31. Bd3 {[%emt 0:02:11]} Nc7 {[%emt 0:00:29]} 32. Rb6 {[%emt 0:01:01]} Ne6 {[%emt 0:00:07]} 33. g3 {[%emt 0:00:31]} h5 {[%emt 0:01:39]} 34. f4 {[%emt 0:01:52]} h4 {[%emt 0:01:25]} 35. Kf2 {[%emt 0:01:08]} hxg3+ {[%emt 0:01:36]} 36. hxg3 {[%emt 0:00:06]} g6 {[%emt 0:00:03]} 37. Ke2 {[%emt 0:01:06]} Kg7 {[%emt 0:00:13]} 38. f5 {[%emt 0:01:51]} gxf5 {[%emt 0:00:32]} 39. exf5 {[%emt 0:00:08]} Nf8 {[%emt 0:00:25]} 40. Be4 {[%emt 0:02:15]} d3+ {[%emt 0:00:08]} 41. Bxd3 {[%emt 0:31:36]} Nd7 {[%emt 0:33:08]} 42. Rb7 {[%emt 0:00:00]} Ne5 {[%emt 0:00:00]} 43. Rc3 {[%emt 0:00:00]} Rd4 {[%emt 0:00:00]} 44. Bc2 {[%emt 0:00:00]} Rh8 {[%emt 0:00:00]} 1/2-1/2

[Event "AUT-ch 2018"]
[Site "Vienna"]
[Date "2018.07.25"]
[Round "5"]
[White "Wallner, Joachim"]
[Black "Halvax, Georg"]
[Result "1/2-1/2"]
[WhiteElo "2311"]
[BlackElo "2433"]
[Annotator "TA"]
[PlyCount "59"]
[EventDate "2018.07.22"]
[EventType "swiss"]
[EventCountry "AUT"]
[SourceTitle "playchess.com"]
[Source "ChessBase"]
[SourceQuality "1"]

{[%evp 19,59,24,34,-3,-3,-14,-22,-34,-28,-24,-18,-11,-28,-20,0,-3,0,-10,0,0,0,0,0,0,0,0,0,0,0,0,0,0,0,0,0,0,0,0,0,0,0,0]} 1. Nf3 Nf6 2. c4 b6 3. g3 Bb7 4. Bg2 g6 5. b3 Bg7 6. Bb2 c5 7. O-O O-O 8. d4 cxd4 9. Qxd4 Nc6 10. Qf4 d5 {LiveBook: 5 Games} 11. cxd5 {A30: Symmetrical English: Double Fianchetto and Hedgehog} (11. Rd1 Qb8 12. Qxb8 Raxb8 13. cxd5 Nb4 14. Nc3 Ne4 15. Nd4 Nxc3 16. Bxc3 Nxd5 17. Bb2 Nb4 18. Rd2 Bxg2 19. Kxg2 {½-½ (41) Bocharov,D (2576)-Triapishko,O (2513) Voronezh 2018}) 11... Nxd5 12. Qc1 e5 $146 ({Predecessor:} 12... Nf6 13. Rd1 Qc7 14. Na3 Rac8 15. Ne5 a6 16. Nxc6 {½-½ (16) Helmers,K (2415)-Schussler,H (2365) Reykjavik 1981}) 13. Rd1 Rc8 $1 14. Qd2 Qe7 {Threatens to win with ...Rfd8.} 15. Nc3 ({Reject} 15. Qxd5 Rfd8 $17) 15... Nxc3 16. Bxc3 Rfd8 {The position is equal.} 17. Qb2 $1 {[#]} Nd4 $1 {[%mdl 512]} 18. Nxd4 {Black must now prevent Nf3.} (18. Bxd4 exd4) 18... exd4 19. Bxd4 Rxd4 20. Rxd4 Bxg2 21. Kxg2 Bxd4 22. Qxd4 Qxe2 $11 {[%mdl 4096] Endgame KQR-KQR} 23. a4 Qc2 24. Qd5 Re8 25. Rd1 Re2 26. Qd8+ Kg7 27. Qd4+ Kg8 28. Qd8+ Kg7 29. Qd4+ Kg8 30. Qd8+ 1/2-1/2